| 000 | 00630nam a2200181Ia 4500 | ||
|---|---|---|---|
| 008 | 100920s9999 xx 000 0 und d | ||
| 082 |
_b95529 _a580 न 05 |
||
| 100 | _aकुलकर्णी दिवाकर. | ||
| 245 | _aडॉ. हेडगेवार रूग्णालय. | ||
| 260 |
_bभारतीय विचार साधना. _c2005 |
||
| 300 |
_a24 _bसाधी |
||
| 365 | _b8 | ||
| 520 | _aशाई. | ||
| 630 | _aडॉ. हेडगेवार रूग्णालय. | ||
| 650 | _aशाई. | ||
| 730 | _aडॉ. हेडगेवार रूग्णालय. | ||
| 942 | _cBOOK | ||
| 999 |
_c735971 _d735968 |
||